000
00227nam a22000857a 4500
008
160705b xxu||||| |||| 00| 0 eng d
100
_9
2277
_a
Hawkins, R.E
245
_a
The Little Oxford Dictionary
260
_a
Delhi
_b
Oxford
_c
1994
999
_c
1959
_d
1959